000 00911nam a22002417a 4500
005 20240530110459.0
008 150625s2005 ua ao a 000 j ara d
017 _a2005/10599
_bمصر . دار الكتب المصرية
020 _a977617101x
040 _aEG-CaGPL
082 0 4 _221
_a813.02
_bط/س م
100 1 _aستاماتى ، مارك الان
245 1 0 _aمهمة السيدة علية :
_bانقاذ كتب العراق /
_cمارك الان ستاماتى ؛ ترجمة محمد عنانى
250 _aط1
260 _aالقاهرة :
_bدار البلسم للنشر و التوزيع ،
_c2005 .
300 _a( د.ت ) :
_bصور ؛
_c20 سم .
650 0 4 _aادب الاطفال
650 0 4 _aتعليم الاطفال
650 0 4 _aالقصة القصيرة
700 0 _aمحمد عنانى
_eمترجم
942 _2ddc
_cBK
999 _c61445
_d61445